000 nam a22 7a 4500
999 _c8492
_d8492
008 180117b ||||| |||| 00| 0 eng d
100 _aNCERT
_94886
245 _aEnglish Reader
260 _aNew Delhi
_bNCERT
_c2001